Compilation of Hatha Yoga Texts/ (Record no. 196729)

MARC details
000 -LEADER
fixed length control field 00616nam a22002057a 4500
005 - DATE AND TIME OF LATEST TRANSACTION
control field 20230724105950.0
010 ## - LCCN (DPL NO)
LC control number ENG-137527
020 ## - INTERNATIONAL STANDARD BOOK NUMBER
International Standard Book Number 9789392080272
Terms of availability 160.00
035 ## - SYSTEM CONTROL NUMBER
System control number EN-121059
037 ## - SOURCE OF ACQUISITION
Source of stock number/acquisition DBAD/PUB
082 ## - DEWEY DECIMAL CLASSIFICATION NUMBER
Classification number 181.4
100 ## - MAIN ENTRY--PERSONAL NAME
Personal name Yadav, Kanchan
245 10 - TITLE STATEMENT
Title Compilation of Hatha Yoga Texts/
Statement of responsibility, etc by Kanchan Yadav
260 ## - PUBLICATION, DISTRIBUTION, ETC. (IMPRINT)
Place of publication, distribution, etc New Delhi
Name of publisher, distributor, etc Kitab Mahal
Date of publication, distribution, etc 2022
270 ## - ADDRESS
Address 4655/21, Ansari Road, Daryaganj
City Delhi
Postal code 110002
300 ## - PHYSICAL DESCRIPTION
Extent 172p.
Dimensions 22cm(pbk)
500 ## - GENERAL NOTE
General note Includes Comparative Summary and Reference Texts
700 ## - ADDED ENTRY--PERSONAL NAME
Personal name Pankaj Patidar
942 ## - ADDED ENTRY ELEMENTS (KOHA)
Source of classification or shelving scheme Dewey Decimal Classification
Item type English Books
Call number suffix YAD
Classification part 181.4
Holdings
Withdrawn status Lost status Not for loan Collection code Home library Current library Date acquired Source of acquisition Cost, normal purchase price Full call number Barcode Copy number Cost, replacement price Koha item type
      Non-fiction Kadipur Kadipur 24/07/2023 DBAD/PUB 160.00 181.4 YAD EN-121059 1 160.00 English Books

© Delhi Public Library
Hit Counter
free hit counter